| 000 | 00587nam a2200241Ia 4500 | ||
|---|---|---|---|
| 003 | 0100 | ||
| 008 | 130307s9999 xx 000 0 und d | ||
| 020 | _a0745600077 | ||
| 040 | _cARRUPELIB | ||
| 050 | _aHM24.G45 1984 | ||
| 100 | _aGiddens, Anthony | ||
| 245 | 4 | _aThe constitution of society | |
| 245 | _boutline of the theory of structuration | ||
| 260 | _aCambridge | ||
| 260 | _bPolity Press | ||
| 260 | _c1984 | ||
| 300 | _axxxvii | ||
| 300 | _b402p. 24 cm. | ||
| 650 | _aSOCIOLOGY | ||
| 650 | _bCosmology -- History | ||
| 650 | _cAstronomy -- History | ||
| 942 | 0 | 0 | _01 |
| 999 |
_c94740 _d94740 |
||